000 00477nam a2200181Ia 4500
001 20265
005 20260306172753.0
008 260306t2016||||xx |||||||||||||| ||spa||
041 _aESP
082 _a343.1
_bT35
100 _aTello Mendoza, Juan Alonso
_eAUT
245 0 _aEl control de convencionalidad:
_bSituación de algunos Estados Americanos
260 _c2016
300 _a218 páginas :
_c24 cm.
650 _aGEN
654 _aCDE
942 _cLIB
_dJUS
_fJUS
_2ddc
_n
999 _c20265
_d20265